000 00654nam a2200193Ii 4500
003 JO-AjNU
008 230605s9999||||xx |||||||||||||| ||und||
040 _aJO-AjNU
_bara
_erda
_cJO-AjNU
041 _aara
050 1 4 _aGN281.G7 1978
100 3 _aتاليف جريجور، آرثر س؛ ترجمة الزرارى، نور الدين,
_eauthor
_918270
245 0 0 _aالإنسان عبر التاريخ
264 3 1 _aالقاهرة: مؤسسة سجل العرب، 1978
300 _a224ص
336 _atext
_btxt
_2rdacontent
337 _aunmediated
_bn
_2rdamedia
338 _avolume
_bnc
_2rdacarrier
650 4 _aالانسان-تاريخ
_918271
999 _aA5810
_c9378
_d9378